Cuentos populares rusos : (Registro nro. 11023)

Detalles MARC
000 -LIDER
fixed length control field 00810nam a22002657a 4500
001 - NÚMERO DE CONTROL
Identificador de número de control 000420
003 - IDENTIFICACDOR DE NÚMERO DE CONTROL
control field DO-SdBPM
005 - DATE AND TIME OF LATEST TRANSACTION
control field 20250220124858.0
007 - CAMPOS FIJOS DE DESCRIPCIÓN FÍSICA
fixed length control field 000420
008 - ELEMENTOS DE LONGITUD FIJA
fixed length control field 160725b 2000 ru ||||| |||| 00| 0 spa d
020 ## - ISBN
International Standard Book Number 5819400224
040 ## - FUENTE DE CATALOGACIÓN
Agencia que crea de manera original el registro BPMSU
Idioma de catalogación spa
Agencia que realiza la transcripción BPMSU
082 #4 - NÚMERO DE CLASIFICACIÓN DECIMAL DE DEWEY
Classification number 891.73
Item number C965p 2000
Edition number 22
092 ## - LOCALLY ASSIGNED DEWEY DECIMAL CALL NUMBER
Número de clasificación xxxxx
Número de ítem (Cutter) xxxxx
100 1# - ASIENTO PRINCIPAL -- NOMBRE PERSONAL
Nombre personal Orleanskiy, Aleksey
245 10 - MENCIÓN DE TITULO
Título Cuentos populares rusos :
Subtítulo pintura de Palekh /
Mención de responsabilidad Aleksey Orelanskiy ; pintura de Palekh
260 ## - PUBLICACIÓN, DISTRIBUCIÓN, ETC. (PIE DE IMPRENTA)
Lugar de publicación, distribución, etc San Petersburgo :
Nombre del editor, distribuidor, etc. P-2,
Fecha de publicación, distribución, etc 2000
300 ## - DESCRIPCIÓN FÍSICA
Extensión 92 p. :
Otros detalles físicos il. ;
Dimensiones 27 cm.
590 ## - NOTA LOCAL
Texto de la nota local Inventariado, 2025/VM
650 #4 - ENCABEZAMIENTO DE MATERIA--TEMÁTICO
Término temático o nombre geográfico como elemento de entrada Cuentos populares rusos
650 #4 - ENCABEZAMIENTO DE MATERIA--TEMÁTICO
Término temático o nombre geográfico como elemento de entrada Reyes y soberanos
Subdivisión de forma Cuentos juveniles
700 1# - ASIENTO SECUNDARIO -- NOMBRE PERSONAL
Nombre personal Orleankiy, Aleksey
Mención de responsabilidad Pintura
910 ## - VALIDACIÓN
Validación VMateo V. Control de calidad. BPMSU
942 ## - ADDED ENTRY ELEMENTS (KOHA)
Source of classification or shelving scheme Dewey Decimal Classification
Koha item type Libros
Existencias
Withdrawn status Lost status Source of classification or shelving scheme Damaged status Not for loan Collection code Home library Current library Date acquired Source of acquisition Total Checkouts Full call number Barcode Date last seen Price effective from Koha item type
    Dewey Decimal Classification     Colección Infantil General Biblioteca Pública Metropolitana Salomé Ureña Biblioteca Pública Metropolitana Salomé Ureña 07/25/2016 FUNDI   BPMSU CJG 891.73 C965p 2000 BPMSU16070649 07/25/2016 07/25/2016 Libros